Information, technology, and innovation (Record no. 52815)
[ view plain ]
| 000 -LEADER | |
|---|---|
| fixed length control field | 03063nam a2200349 a 4500 |
| 082 04 - DEWEY DECIMAL CLASSIFICATION NUMBER | |
| Classification number | 303.48/3 |
| 100 1# - MAIN ENTRY--AUTHOR NAME | |
| Personal name | Jordan, John M. |
| 245 10 - TITLE STATEMENT | |
| Title | Information, technology, and innovation |
| 260 ## - PUBLICATION, DISTRIBUTION, ETC. (IMPRINT) | |
| Place of publication | Hoboken, N.J. : |
| Name of publisher | Wiley, |
| Year of publication | 2012. |
| 300 ## - PHYSICAL DESCRIPTION | |
| Number of Pages | xix, 396 p. : |
| Other physical details | ill. |
| 505 0# - FORMATTED CONTENTS NOTE | |
| Formatted contents note | section I. Foundations -- section II. Work and organization -- section III. Business model disruption -- section IV. Technology landscapes -- section V. Some big questions. |
| 520 ## - SUMMARY, ETC. | |
| Summary, etc | "A big-picture look at how the latest trends in information management and technology are impacting business models and innovation worldwide. With all of the recent emphasis on "big data," analytics and visualization, and emerging technology architectures such as smartphone networks, social media, and cloud computing, the way we do business is undergoing rapid change. The right business model can create overnight sensations--think of Groupon, the iPad, or Facebook. At the same time, alternative models for organizing resources such as home schooling, Linux, or Kenya's Ushihidi tool transcend conventional business designs. Timely and visionary, Information, Technology, and the Future of Commerce looks at how the latest technology trends and their impact on human behavior are impacting business practices from recruitment through marketing, supply chains, and customer service. Discusses information economics, human behavior, technology platforms, and other facts of contemporary life Examines how humans organize resources and do work in the changing landscape Provides case studies profiling how competitive advantage can be a direct result of innovative business models that exploit these trends Revealing why traditional strategy formulation is challenged by the realities of the connected world, Information, Technology, and the Future of Commerce ties technology to business and social environments in an approachable, informed manner with innovative, big-picture analysis of what's taking place now in information strategy and technology"-- |
| 650 #0 - SUBJECT ADDED ENTRY--TOPICAL TERM | |
| Topical Term | Technological innovations. |
| Topical Term | Information technology |
| 856 40 - ELECTRONIC LOCATION AND ACCESS | |
| Uniform Resource Identifier | http://site.ebrary.com/lib/rucke/Doc?id=10630582 |
| 520 ## - SUMMARY, ETC. | |
| -- | Provided by publisher. |
No items available.
